000 00290nam a2200109Ia 4500
008 230627s9999 xx 000 0 und d
041 _amar
082 _a345
_bSHU
100 _aShukla D.S
245 _aPrevention Of Terrorism Act, 2002
260 _aAllahabad
_bDwivedi Law Publications
_c2002
999 _c686610
_d686610